Химически модифицировнаные электроды для определения холестерина; Химия и химическая технология в XXI веке

Detalhes bibliográficos
Parent link:Химия и химическая технология в XXI веке.— 2017.— [С. 200-201]
Autor principal: Дёрина К. В. Ксения Владимировна
Autor Corporativo: Национальный исследовательский Томский политехнический университет (ТПУ) Институт природных ресурсов (ИПР) Кафедра физической и аналитической химии (ФАХ)
Outros Autores: Короткова Е. И. Елена Ивановна (научный руководитель)
Resumo:Заглавие с экрана
Idioma:russo
Publicado em: 2017
Colecção:Теоретические и прикладные аспекты физической и аналитической химии
Assuntos:
Acesso em linha:http://earchive.tpu.ru/handle/11683/41782
Formato: Recurso Electrónico Capítulo de Livro
KOHA link:https://koha.lib.tpu.ru/cgi-bin/koha/opac-detail.pl?biblionumber=622881

MARC

LEADER 00000naa2a2200000 4500
001 622881
005 20240111105909.0
035 |a (RuTPU)RU\TPU\conf\21697 
035 |a RU\TPU\conf\21696 
090 |a 622881 
100 |a 20170713d2017 k y0rusy50 ca 
101 0 |a rus 
102 |a RU 
105 |a y z 101zy 
135 |a drgn ---uucaa 
181 0 |a i  
182 0 |a b 
200 1 |a Химически модифицировнаные электроды для определения холестерина  |f К. В. Дёрина  |g науч. рук. Е. И. Короткова 
203 |a Текст  |c электронный 
225 1 |a Теоретические и прикладные аспекты физической и аналитической химии 
300 |a Заглавие с экрана 
463 0 |0 (RuTPU)RU\TPU\conf\21448  |t Химия и химическая технология в XXI веке  |o материалы XVIII Международной научно-практической конференции студентов и молодых ученых имени профессора Л.П. Кулёва, 29 мая-1 июня 2017 г., г. Томск  |f Национальный исследовательский Томский политехнический университет (ТПУ) ; Институт природных ресурсов (ИПР) ; Институт физики высоких технологий (ИФВТ) ; Физико-технический институт (ФТИ)  |v [С. 200-201]  |d 2017 
610 1 |a труды учёных ТПУ 
610 1 |a электронный ресурс 
610 1 |a холестерин 
610 1 |a клеточные мембраны 
610 1 |a плазматические мембраны 
610 1 |a сердечно-сосудистые заболевания 
610 1 |a углеродсодержащие электроды 
700 1 |a Дёрина  |b К. В.  |c химик  |c доцент Томского политехнического университета, кандидат химических наук  |f 1989-  |g Ксения Владимировна  |3 (RuTPU)RU\TPU\pers\31159  |9 15355 
702 1 |a Короткова  |b Е. И.  |c химик  |c профессор Томского политехнического университета, доктор химических наук  |f 1965-  |g Елена Ивановна  |4 727 
712 0 2 |a Национальный исследовательский Томский политехнический университет (ТПУ)  |b Институт природных ресурсов (ИПР)  |b Кафедра физической и аналитической химии (ФАХ)  |3 (RuTPU)RU\TPU\col\18656 
801 2 |a RU  |b 63413507  |c 20170726  |g RCR 
856 4 |u http://earchive.tpu.ru/handle/11683/41782 
942 |c BK